000 00472nam a2200133Ia 4500
008 100328s9999 xx 000 0 und d
082 _b50681
100 _aरामदासी मारुतीबुवा
245 _aस्वरुप संप्रदाय.
260 _bश्रीार कुटी ट्रस्ट
630 _aस्वरुप संप्रदाय.
730 _aस्वरुप संप्रदाय.
942 _cBOOK
999 _c537776
_d537773